000
00182nam a22000857a 4500
082
_a
621.38152BHA
100
_a
Bhatia C M
245
_a
Power electronics laboratory manual
942
_c
BK
999
_c
15244
_d
15244